Juxta Pose: (Record no. 211483)

MARC details
000 -LEADER
fixed length control field 00546nam a22001817a 4500
005 - DATE AND TIME OF LATEST TRANSACTION
control field 20250602120349.0
010 ## - LCCN (DPL NO)
LC control number ENG-145095
020 ## - INTERNATIONAL STANDARD BOOK NUMBER
International Standard Book Number 9788193312858
Terms of availability 300.00
035 ## - SYSTEM CONTROL NUMBER
System control number EN-128627
037 ## - SOURCE OF ACQUISITION
Source of stock number/acquisition DBAD
082 ## - DEWEY DECIMAL CLASSIFICATION NUMBER
Classification number S
Edition number 1
100 ## - MAIN ENTRY--PERSONAL NAME
Personal name Cherian, Reena
245 ## - TITLE STATEMENT
Title Juxta Pose:
Remainder of title Seven Stories Of Adoption/
Statement of responsibility, etc Reena Cherian
260 ## - PUBLICATION, DISTRIBUTION, ETC. (IMPRINT)
Place of publication, distribution, etc New Delhi
Name of publisher, distributor, etc AlterNotes Press
Date of publication, distribution, etc 2017
270 ## - ADDRESS
Address 161/55, Hasrat Mohani Lane, Ghafoor Nagar Road Jamia Nagar,
City New Delhi
Postal code 110025
300 ## - PHYSICAL DESCRIPTION
Extent xvi, 85p.
Dimensions 21cm.(Hb)
942 ## - ADDED ENTRY ELEMENTS (KOHA)
Source of classification or shelving scheme Dewey Decimal Classification
Item type English Books
Classification part S
Call number suffix CHE
Holdings
Withdrawn status Lost status Not for loan Collection code Home library Current library Date acquired Source of acquisition Cost, normal purchase price Full call number Barcode Copy number Cost, replacement price Koha item type
      Fiction New Police Line New Police Line 02/06/2025 Delivery of Books Act Division 300.00 S CHE EN-128627 1 300.00 English Books

© Delhi Public Library
Hit Counter
free hit counter